000 01001nam a22003617a 4500
001 BR7406589
003 BR-BrBNA
005 20230928084647.0
007 ta
008 230509b bl.||||| |||| 00| 0 por d
040 _aBR-BrBNA
_bpor
_cBiblioteca Nacional de Agricultura
041 _a(Por)
072 _aF00; Q10
_b0940
_b9921
090 _ 0940 BR7406589
110 1 _aFundacao Educacional Padre Landell de Moura, Porto Alegre, RS (Brasil)
_94881
245 1 _aManual de vitivinicultura [pratica cultural, industria alimenticia, uva, vinho]
_bTelepromocao Rural
260 3 _aPorto Alegre, RS (Brasil):
_c1974.
300 _a75 p.
650 _aUVA
650 _aSOLO
650 _aMANEJO
650 _aADUBACAO
650 _aPORTA ENXERTO
650 _aENXERTO
650 _aVARIEDADE
650 _aPARREIRA
650 _aPODA
650 _aDEFESA VEGETAL
650 _aTECNOLOGIA DE ALIMENTO
650 _aVINHO
909 _a202309
_bLucia
_c55
_dLucia Elande
942 _cBK
999 _c20330
_d20330